• AIU
  • Tony Wilmot Memorial Library

Translator's notes on 1 Timothy : (Record no. 61578)

MARC details
000 -LEADER
fixed length control field 01035cam a2200265 a 4500
001 - CONTROL NUMBER
control field 15206218
003 - CONTROL NUMBER IDENTIFIER
control field OSt
005 - DATE AND TIME OF LATEST TRANSACTION
control field 20161206020007.0
008 - FIXED-LENGTH DATA ELEMENTS--GENERAL INFORMATION
fixed length control field 080305s2008 txua b 000 0 eng
010 ## - LIBRARY OF CONGRESS CONTROL NUMBER
LC control number 2008924336
020 ## - INTERNATIONAL STANDARD BOOK NUMBER
International Standard Book Number 9781556712128 (pbk. : alk. paper)
040 ## - CATALOGING SOURCE
Original cataloging agency DLC
Transcribing agency DLC
Modifying agency DLC
050 00 - LIBRARY OF CONGRESS CALL NUMBER
Classification number BS2745.53
Item number .B43 2008
100 1# - MAIN ENTRY--PERSONAL NAME
Personal name Bean, Mark Ellis.
9 (RLIN) 36716
245 10 - TITLE STATEMENT
Title Translator's notes on 1 Timothy :
Remainder of title helps on understanding and translating Paul's first letter to Timothy /
Statement of responsibility, etc Mark Ellis Bean.
260 ## - PUBLICATION, DISTRIBUTION, ETC. (IMPRINT)
Place of publication, distribution, etc Dallas, TX :
Name of publisher, distributor, etc SIL International,
Date of publication, distribution, etc c2008.
300 ## - PHYSICAL DESCRIPTION
Extent 179, 16 p. :
Other physical details ill. ;
Dimensions 28 cm.
490 0# - SERIES STATEMENT
Series statement Translator's notes
504 ## - BIBLIOGRAPHY, ETC. NOTE
Bibliography, etc Includes bibliographical references (p. 165-168).
630 00 - SUBJECT ADDED ENTRY--UNIFORM TITLE
Uniform title Bible.
Name of part/section of a work Timothy, 1st
Form subdivision Commentaries.
9 (RLIN) 26066
630 00 - SUBJECT ADDED ENTRY--UNIFORM TITLE
Uniform title Bible.
Name of part/section of a work Timothy, 1st
General subdivision Translating.
9 (RLIN) 36717
906 ## - LOCAL DATA ELEMENT F, LDF (RLIN)
a 7
b cbc
c orignew
d 3
e epcn
f 20
g y-gencatlg
942 ## - ADDED ENTRY ELEMENTS (KOHA)
Source of classification or shelving scheme Library of Congress Classification
Koha item type Books
Koha issues (borrowed), all copies 4
Holdings
Withdrawn status Lost status Source of classification or shelving scheme Damaged status Not for loan Collection code Home library Current library Shelving location Date acquired Source of acquisition Cost, normal purchase price Total Checkouts Total Renewals Full call number Barcode Date last seen Date checked out Copy number Price effective from Koha item type
    Library of Congress Classification     General Circulation AIU/NEGST - Tony Wilmot Memorial Library AIU/NEGST - Tony Wilmot Memorial Library General Stacks 03/19/2015 Donation-TBN 25.00 7 1 BS 2745.53.B43 2008 R32985P3232 05/06/2021 03/23/2021 1 03/19/2015 Books